| 000 | 00700nam a22002297a 4500 | ||
|---|---|---|---|
| 005 | 20170124110102.0 | ||
| 010 | _aA-901660 | ||
| 020 |
_c00.00 _a8172232381 |
||
| 035 | _aA-901660 | ||
| 037 | _bCen Lib/Ret | ||
| 040 |
_aDPL _bEN |
||
| 082 |
_a951.6 _bNOR |
||
| 100 |
_aNorbu, Dawa _927317 |
||
| 245 |
_aTibet : _cby Dawa Norbu _bthe road ahead / |
||
| 260 |
_aNew Delhi _bHarper Collins Publishers _c1997 |
||
| 270 |
_a7/16 Ansari Road, Daryaganj _bNew Delhi _e110002 |
||
| 300 |
_axix,391p. : _c22cm(Hb) _bill. |
||
| 500 | _aIncludes index | ||
| 650 |
_aDawa Norbu, -- 1949- _927318 |
||
| 650 |
_aChina -- Tibet Autonomous Region _912238 |
||
| 942 |
_2ddc _cEN _h951.6 _mNOR |
||
| 999 |
_c129760 _d129760 |
||